| 000 | 01265nam a2200361 i 4500 | ||
|---|---|---|---|
| 001 | 1107 | ||
| 003 | KOSZ 005 | ||
| 005 | 20200527121018.0 | ||
| 008 | 000320s1980 pl a f |001 0 pol | ||
| 015 | _aPB 1980/1054 | ||
| 020 | _a8320400171 | ||
| 035 | _a(OCoLC)830947506 | ||
| 040 |
_aWA N _cWA N _dKOSZ 005/EC |
||
| 041 | 0 | _apol | |
| 046 | _k1980 | ||
| 080 | _a621.791/.795:621+624+629 | ||
| 100 | 1 |
_aJakubiec, Marian _eAutor |
|
| 245 | 1 | 0 |
_aTechnologia konstrukcji spawanych / _cMarian Jakubiec, Krzysztof Lesiński, Henryk Czajkowski. |
| 260 |
_aWarszawa : _bWydaw-a Naukowo-Techniczne, _c1980 dr. ukończ. 1979 _e(Pozn : _fPZGMK). |
||
| 300 |
_a440, [2] s. : _bil., tab., wykr., err. ; _c25 cm. |
||
| 380 | _aKsiążki. | ||
| 388 | _a1901-2000 | ||
| 388 | _a1945-1989 | ||
| 504 | _aBibliogr. s. 433-438. - Indeks. | ||
| 650 | 4 | _aTechnologia | |
| 650 | 4 | _aSpawanie | |
| 650 | 4 | _aKonstrukcje metalowe | |
| 700 | 1 |
_aCzajkowski, Henryk _d(1932-1998) _eAutor |
|
| 710 | 2 |
_aWydawnictwa Naukowo-Techniczne _4pbl. |
|
| 700 | 1 |
_aLesiński, Krzysztof Janusz _d(1935- ) _eAutor |
|
| 856 |
_uhttp://koha.tu.koszalin.pl/cgi-bin/koha/opac-detail.pl?biblionumber=1107 _yKatalog online BPK |
||
| 942 |
_2UKD _cKS |
||
| 999 |
_c1107 _d1107 |
||